000 00643nam a2200241Ia 4500
001 31874
005 20240114001544.0
007 ta
008 060814s1992 g b000 u 346 u
040 _aCotton College,Assam
041 _a346
082 _a891.443
_bCh 349 De
100 _aChakraborty, Shankar .
245 0 _aDevshishu, Brishtihin Dekhe /
_cShankar Chakraborty.
_hTextual Documents
250 _a1st ed. /
260 _aCalcutta :
_bKourab Prakashani ,
_c1992.
300 _a64p. ;
_c22cm.
653 _aBengali Fiction
653 _aG-Bengali
942 _2ddc
_cBK
999 _c31856
_d31856